VPLYV VEĽKOSTI ZRNA A NEČISTÔT NA KRIVKU SPEVNENIA MEDI PRI RÔZNYCH RÝCHLOSTIACH DEFORMÁCIE

Bibliographic Details
Main Authors: Polakovič, Anton (Author), Táborský, Ladislav (Author)
Format: Article
Language:Slovak

MARC

LEADER 00000nab a2200000ua 4500
001 vtls010799148
003 SK-MaSNL
005 20260303135022.0
008 230218s1970 xo |||||||||||||||||slo|
035 |a (urnnbn)urn:nbn:sk:snk:ar-002pap 
035 |a (uuid)fa27d98d-369a-42cf-850a-48919a5e0b5d 
035 |a urn:nbn:sk:snk-ab4162 
040 |a SNKBUCL  |b slo  |c SNKBUCL  |e AACR2 
041 0 |a slo 
044 |a xo  |c SK 
100 1 |a Polakovič, Anton  |4 aut  |9 446191 
245 1 0 |a VPLYV VEĽKOSTI ZRNA A NEČISTÔT NA KRIVKU SPEVNENIA MEDI PRI RÔZNYCH RÝCHLOSTIACH DEFORMÁCIE  |c Anton Polakovič, Ladislav Táborský 
700 1 |a Táborský, Ladislav  |4 aut  |9 437617 
773 0 |t Kovové materiály  |g Roč. 8, č. 4 (1970), s. 410-412 
954 |a odborná, vedecká literatúra pôvodná (slovenská)  |2 lita 
958 |a OND 
958 |a EUIPO 
958 |a article3 
999 |c 1963225  |d 1965155